Alle Plätze in Wien - Statistiken

Allgemein
  • Dieses Quiz wurde 27 mal gespielt
  • Das Durchschnittsergebnis liegt bei 58 aus 510
Antwortstatistiken
Bezirk # Platz % Korrekt
1 S Stephansplatz
90%
1 S Schwedenplatz
85%
10 R Reumannplatz
80%
1,4 K Karlsplatz
75%
10 K Keplerplatz
75%
1 H Heldenplatz
70%
1 J Julius-Raab-Platz
70%
1 M Michaelerplatz
70%
2 P Prater-Platz
70%
11 E Enkplatz
65%
20 F Friedrich-Engels-Platz
65%
22 K Kagraner Platz
65%
8 A Albertplatz
60%
9 A Ari-Rath-Platz
60%
17 E Elterleinplatz
60%
7 E Emil-Maurer-Platz
60%
4 E Erzherzog-Johann-Platz
60%
16,17 J Johann-Nepomuk-Berger-Platz
60%
23 M Maurer Hauptplatz
60%
2 N Nestroyplatz
60%
1 R Rathausplatz
60%
10 A Arthaberplatz
55%
13 L Leopold-Schwarz-Platz
55%
2 M Mexikoplatz
55%
4 M Mozartplatz
55%
4,10 S Südtiroler Platz
55%
16 Y Yppenplatz
55%
1 B Ballhausplatz
50%
23 B Bettina-Bauer-Ehrlich-Platz
50%
1 B Börseplatz
50%
21 F Franz-Jonas-Platz
50%
16 J Joachimsthalerplatz
50%
6 J Johanna-Bauer-Platz
50%
1 J Josefsplatz
50%
3 R Radetzkyplatz
50%
3,4 S Schwarzenbergplatz
50%
11 S Simmeringer Platz
50%
7 U Urban-Loritz-Platz
50%
10 A Antonsplatz
45%
22 B Bruno-Kreisky-Platz
45%
1 D Dr.-Karl-Lueger-Platz
45%
16 F Familienplatz
45%
5 M Matzleinsdorfer Platz
45%
10 Q Quellenplatz
45%
3 R Rudolf-von-Alt-Platz
45%
1 B Beethovenplatz
40%
7,15 E Europaplatz
40%
2 F Freudplatz
40%
15 F Friedrichsplatz
40%
1 H Helmut-Zilk-Platz
40%
5 M Margaretenplatz
40%
1 M Minoritenplatz
40%
16 O Ottakringer Platz
40%
7 P Platz der Menschenrechte
40%
5 S Siebenbrunnenplatz
40%
3 T Thomas-Klestil-Platz
40%
18 T Türkenschanzplatz
40%
10 V Viktor-Adler-Platz
40%
11 A Artillerieplatz
35%
5 B Bacherplatz
35%
3 D Dannebergplatz
35%
1 J Judenplatz
35%
3 K Kardinal-Nagl-Platz
35%
23 L Liesinger Platz
35%
1 | 7 M Museumsplatz
35%
19 N Nussdorfer Platz
35%
1 P Petersplatz
35%
1 R Rudolfsplatz
35%
7 S Siebensternplatz
35%
1 S Stock-im-Eisen-Platz
35%
15 V Vogelweidplatz
35%
1 A Albertinaplatz
30%
13 A Anna-Strauss-Platz
30%
7 A Augustinplatz
30%
10 C Columbusplatz
30%
10 E Eisenstadtplatz
30%
23 E Erlaaer Platz
30%
8,9 F Frankhplatz
30%
22 H Hans-Mayr-Platz
30%
1 M Maria-Theresien-Platz
30%
9 O Oskar-Morgenstern-Platz
30%
9 O Otto-Wagner-Platz
30%
17 R Rudolf-Kirchschläger-Platz
30%
16 S Schuhmeierplatz
30%
4 B Brahmsplatz
25%
23 I Inzersdorfer Kirchenplatz
25%
23 K Kalksburg-Kirchenplatz
25%
2 K Karmeliterplatz
25%
23 K Kirchenplatz
25%
15 K Kriemhildplatz
25%
1 L Leopold-Gratz-Platz
25%
16 R Richard-Wagner-Platz
25%
23 R Rodauner Kirchenplatz
25%
12 S Schedifkaplatz
25%
8 B Bennoplatz
20%
22 D Dr.-Adolf-Schärf-Platz
20%
3 E Esteplatz
20%
1 F Franziskanerplatz
20%
16 G Gutraterplatz
20%
22 I Ingeborg-Bachmann-Platz
20%
10 O Otto-Probst-Platz
20%
1 S Schillerplatz
20%
22 S Schüttauplatz
20%
10 S Stefan-Fadinger-Platz
20%
21 S Strebersdorfer Platz
20%
2 A Anitta-Müller-Cohen-Platz
15%
7 A Arthur-Schnitzler-Platz
15%
23 A Atzgersdorfer Platz
15%
21 B Bahnhofplatz
15%
10 B Belgradplatz
15%
20 B Brigittaplatz
15%
17 C Clemens-Hofbauer-Platz
15%
1 C Concordiaplatz
15%
1 D Dr.-Ignaz-Seipel-Platz
15%
2 F Friedrich-Wilhelm-Raiffeisen-Platz
15%
10 H Horrplatz
15%
4 H Hugo-Wiener-Platz
15%
2 J Johann-Böhm-Platz
15%
13 K Kardinal-König-Platz
15%
22 L Lina-Loos-Platz
15%
16 L Ludo-Hartmann-Platz
15%
1 M Musikvereinsplatz
15%
1 O Oskar-Kokoschka-Platz
15%
21 P Pius-Parsch-Platz
15%
1 R Ruprechtsplatz
15%
7 S St.-Ulrichs-Platz
15%
4 V Vicki-Baum-Platz
15%
3 V Victor-Braun-Platz
15%
5 Z Zentaplatz
15%
19 # 12.-Februar-Platz
10%
11 A Albin-Hirsch-Platz
10%
18 A Aumannplatz
10%
9 B Bauernfeldplatz
10%
1 D Deutschmeisterplatz
10%
22 D Donauturmplatz
10%
3 F Fasanplatz
10%
11 F Franz-Haas-Platz
10%
3 F Franz-Hauer-Platz
10%
3 F Fred-Zinnemann-Platz
10%
2,20 G Gaußplatz
10%
10 G Gellertplatz
10%
22 G Genochplatz
10%
22 H Hannah-Arendt-Platz
10%
15 H Henriettenplatz
10%
20 H Höchstädtplatz
10%
14 I Ignaz-Binder-Platz
10%
2 I Ilgplatz
10%
18 J Johann-Nepomuk-Vogl-Platz
10%
8 J Josef-Matthias-Hauer-Platz
10%
9 J Julius-Tandler-Platz
10%
15 K Kardinal-Rauscher-Platz
10%
21 K Karl-Seitz-Platz
10%
21 K Karl-Waldbrunner-Platz
10%
14 L Laurentiusplatz
10%
21 L Leopoldauer Platz
10%
9,19 L Liechtenwerder Platz
10%
16 | 17 L Lorenz-Bayer-Platz
10%
2 L Ludwig-Hirsch-Platz
10%
3 L Ludwig-Koeßler-Platz
10%
2 M Max-Winter-Platz
10%
2 M Messeplatz
10%
10 M Munchplatz
10%
10 O Ober-Laaer-Platz
10%
21 O Otto-Benedik-Platz
10%
3 P Paulusplatz
10%
22 P Platz der Vereinten Nationen
10%
11 P Polkorabplatz
10%
4 R Rilkeplatz
10%
3 R Rochusplatz
10%
2 R Rotundenplatz
10%
9 S Schlickplatz
10%
22 S Schrödingerplatz
10%
21 S Siemensplatz
10%
13 S Sillerplatz
10%
22 S Süßenbrunner Platz
10%
10 U Unterlaaer Platz
10%
13 V Versorgungsheimplatz
10%
2 W Welthandelsplatz
10%
3 Z Ziehrerplatz
10%
3 A Alfred-Dallinger-Platz
5%
20 A Allerheiligenplatz
5%
19 A Anton-Karas-Platz
5%
22 A Asperner Heldenplatz
5%
21 B Bernreiterplatz
5%
21 B Berzeliusplatz
5%
10 B Bischofplatz
5%
10 B Braheplatz
5%
10 C Carl-Prohaska-Platz
5%
7 C Ceija-Stojka-Platz
5%
1 D Desider-Friedmann-Platz
5%
22 E Effenbergplatz
5%
9 E Ehrenhaft-Steindler-Platz
5%
5 E Einsiedlerplatz
5%
10 E Emil-Hertzka-Platz
5%
6 E Erika-Weinzierl-Platz
5%
22 E Ernst-Sadil-Platz
5%
21 F Freiheitsplatz
5%
15 F Friedensreich-Hundertwasser-Platz
5%
10 F Frödenplatz
5%
13 F Furtwänglerplatz
5%
1 G Georg-Coch-Platz
5%
21 G Gerlosplatz
5%
1 G Gottfried-von-Einem-Platz
5%
3,11 G Gräßlplatz
5%
14 G Gruschaplatz
5%
8 H Hamerlingplatz
5%
19 H Hannplatz
5%
21 H Haspingerplatz
5%
10 H Hebbelplatz
5%
1 H Herbert-von-Karajan-Platz
5%
22 H Hirschstettner Platz
5%
16 H Hofferplatz
5%
12 H Hohenfelsplatz
5%
22 J Jakob-Bindel-Platz
5%
21 J Jedlersdorfer Platz
5%
8 J Jodok-Fink-Platz
5%
6 J Johanna-Dohnal-Platz
5%
2 J Johannes-von-Gott-Platz
5%
12 J Johann-Hoffmann-Platz
5%
10 J Josef-Enslein-Platz
5%
14 J Josef-Palme-Platz
5%
14 | 16 J Josef-Weinheber-Platz
5%
18 J Joseph-Kainz-Platz
5%
19 K Kardinal-Innitzer-Platz
5%
12 K Khleslplatz
5%
14 K Kinkplatz
5%
4 K Kühnplatz
5%
20 L Leipziger Platz
5%
17 L Leopold-Kunschak-Platz
5%
19 L Leopold-Ungar-Platz
5%
2 L Lili-Grün-Platz
5%
6 L Loquaiplatz
5%
3 L Lotte-Lang-Platz
5%
22 M Maria-Trapp-Platz
5%
12 M Marschallplatz
5%
22 M Mergenthalerplatz
5%
13 M Montecuccoliplatz
5%
1 M Morzinplatz
5%
11 M Münnichplatz
5%
16 M Musilplatz
5%
4 O Olga-Wisinger-Florian-Platz
5%
2 O Olympiaplatz
5%
6 O Oskar-Werner-Platz
5%
22 O Osloplatz
5%
2 O Oswald-Thomas-Platz
5%
17 P Parhamerplatz
5%
19 P Peter-Alexander-Platz
5%
19 P Pfarrplatz
5%
2 P Pierre-de-Coubertin-Platz
5%
2 R Rabbiner-Friedmann-Platz
5%
15 R Reithofferplatz
5%
2 R Riesenradplatz
5%
15 R Roland-Rainer-Platz
5%
9 R Rooseveltplatz
5%
17 R Rupertusplatz
5%
19 S Saarplatz
5%
1 S Schmerlingplatz
5%
14 S Schöffelplatz
5%
14 S Schönbergplatz
5%
22 S Siegesplatz
5%
9 S Spittelauer Platz
5%
14,15,16 S Sporckplatz
5%
19 S St.-Georg-Platz
5%
10 T Tesarekplatz
5%
8 U Uhlplatz
5%
20 W Wallensteinplatz
5%
9 W Walter-Beck-Platz
5%
10 W Wielandplatz
5%
10 W Wienerbergerplatz
5%
2 W Wilhelmine-Moik-Platz
5%
22 W Wonkaplatz
5%
22 Z Zillbauerplatz
5%
14 A Achtundvierzigerplatz
0%
2 A Adele-Perlmutter-Platz
0%
15 A Akkonplatz
0%
2 A Alexander-Poch-Platz
0%
22 A Alfred-Kubin-Platz
0%
10 A Alfred-Stix-Platz
0%
21 A Anna-Boschek-Platz
0%
22 A Anna-Pilschke-Platz
0%
21 A Anton-Anderer-Platz
0%
23 A Anton-Heger-Platz
0%
11 A Anton-Stilling-Platz
0%
3 A Anton-von-Webern-Platz
0%
3 A Armenierplatz
0%
18 B Bischof-Faber-Platz
0%
22 B Brigitte-Kowanz-Platz
0%
10 B Brigitte-Neumeister-Platz
0%
21 B Broßmannplatz
0%
12 B Bruno-Pittermann-Platz
0%
6 B Bundesländerplatz
0%
15 B Burjanplatz
0%
2 C Calafattiplatz
0%
9 C Carl-Szokoll-Platz
0%
6 C Christian-Broda-Platz
0%
4 C Cissy-Kraner-Platz
0%
22 C Cizekplatz
0%
13 C Clarplatz
0%
21 C Claudia-Dietl-Platz
0%
21 C Cordobaplatz
0%
14 C Cornelia-Giese-Platz
0%
22 C Czernetzplatz
0%
2 C Czerninplatz
0%
17 D Diepoldplatz
0%
3 D Djerassiplatz
0%
21 D Donauinselplatz
0%
17 D Dornerplatz
0%
17 D Dr.-Josef-Resch-Platz
0%
23 D Dr.-Pirnitzer-Platz
0%
21 E Edmund-Hawranek-Platz
0%
2 E Elderschplatz
0%
23 E Elisabeth-Maxwald-Platz
0%
10 E Elisabeth-Sundt-Platz
0%
3 E Emmerich-Teuber-Platz
0%
10 E Erlachplatz
0%
22 E Eva-Maria-Mazzucco-Platz
0%
14 F Feilplatz
0%
21 F Ferdinand-Kaufmann-Platz
0%
3 F Fiakerplatz
0%
22 F Firnbergplatz
0%
13 F Fonovitsplatz
0%
10 F Franz-Jachym-Platz
0%
9 F Franz-Salmhofer-Platz
0%
13 F Franz-Schalk-Platz
0%
21 F Freiligrathplatz
0%
1 F Friedrich-Schmidt-Platz
0%
10 F Friesenplatz
0%
6 F Fritz-Grünbaum-Platz
0%
22 G Georginenplatz
0%
21 G Georg-Schicht-Platz
0%
14 G Gerhard-Hanappi-Platz
0%
12 G Gertrude-Wondrack-Platz
0%
18 G Gertrudplatz
0%
13 G Goldmarkplatz
0%
21 G Großschopfplatz
0%
23 G Gustav-Holzmann-Platz
0%
22 G Gustav-Merten-Platz
0%
13 G Gutzkowplatz
0%
17 H Hans-Leinkauf-Platz
0%
21 H Hans-Schilder-Platz
0%
12 H Hans-Weiner-Dillmann-Platz
0%
10 H Harry-Glück-Platz
0%
3 H Heinrich-Drimmel-Platz
0%
18 H Heinz-Holecek-Platz
0%
5 H Heinz-Jerabek-Platz
0%
23 H Helene-Lieser-Platz
0%
5 H Helga-Pankratz-Platz
0%
11 H Herderplatz
0%
22 H Hermann-Greulich-Platz
0%
10 H Hermann-Schöne-Platz
0%
22 H Hermine-Dasovsky-Platz
0%
1 H Herwig-Zens-Platz
0%
10 H Holeyplatz
0%
13 H Holowatyjplatz
0%
14 H Holzhausenplatz
0%
21 H Hoßplatz
0%
8 H Hugo-Bettauer-Platz
0%
10 H Humboldtplatz
0%
21 H Hutterplatz
0%
4 I Ida-Margulies-Platz
0%
4 I Irene-Harand-Platz
0%
13 J Jennerplatz
0%
13 J Johannes-Bischko-Platz
0%
2 J Johann-Fürst-Platz
0%
11 J Johann-Hatzl-Platz
0%
21 J Johann-Orth-Platz
0%
9 J Jörg-Mauthe-Platz
0%
9 J Josef-Holaubek-Platz
0%
2 J Josefine-Lauterbach-Platz
0%
3 J Joseph-Schmidt-Platz
0%
20 K Kapaunplatz
0%
3 K Karl-Borromäus-Platz
0%
22 K Kaschauerplatz
0%
2 K Katharina-Ennöckl-Platz
0%
21 K Kinzerplatz
0%
3 K Klopsteinplatz
0%
3 K Kolonitzplatz
0%
21 K Kommunikationsplatz
0%
10 K Kossmatplatz
0%
19 K Kreilplatz
0%
23 K Kugelmannplatz
0%
6 K Kurt-Pint-Platz
0%
2 L Lancplatz
0%
2 L Lassingleithnerplatz
0%
10 L Laubeplatz
0%
13 L Leitenwaldplatz
0%
14 L Leon-Askin-Platz
0%
15 L Leopold-Mistinger-Platz
0%
17 L Leopold-Stockert-Platz
0%
13 L Leopold-Zechner-Platz
0%
22 L Lina-Bo-Bardi-Platz
0%
19 L Linnéplatz
0%
8 L Lisette-Model-Platz
0%
1 L Lobkowitzplatz
0%
21 L Lorettoplatz
0%
14 L Lotte-Lenya-Platz
0%
16 L Lugmayerplatz
0%
6 L Lutherplatz
0%
22 M Mälzelplatz
0%
21 M Marco-Polo-Platz
0%
15 M Mareschplatz
0%
20 M Maria-Restituta-Platz
0%
19 M Maria-Schaumayer-Platz
0%
6 M Maria-Welser-Platz
0%
6 M Martha-Eggerth-Platz
0%
16 M Matteottiplatz
0%
18 M Max-Schmidt-Platz
0%
1 M Max-Weiler-Platz
0%
12 M Migazziplatz
0%
16 M Mildeplatz
0%
21 M Möllplatz
0%
4 M Möllwandplatz
0%
20 M Mortaraplatz
0%
15 M Moshe-Jahoda-Platz
0%
22 M Muhammad-Asad-Platz
0%
23 M Muliarplatz
0%
10 M Muriel-Gardiner-Buttinger-Platz
0%
14 M Musikzugplatz
0%
22 N Nelson-Mandela-Platz
0%
15 N Neusserplatz
0%
16 N Nietzscheplatz
0%
9 N Ni-Una-Menos-Platz
0%
21 O Obergfellplatz
0%
13 O Oskar-Pilzer-Platz
0%
21 O Otmar-Emerling-Platz
0%
23 O Ottillingerplatz
0%
12 O Otto-Bondy-Platz
0%
10 O Otto-Geißler-Platz
0%
10 P Paltramplatz
0%
1 P Passauer Platz
0%
19 P Pater-Zeininger-Platz
0%
2 P Platz der Erdarbeiterinnen
0%
20 P Platz der Kinderrechte
0%
10 P Platz der Kulturen
0%
3 P Platz der Opfer der Deportation
0%
3 P Platz der Sozialen Sicherheit
0%
2 P Präuscherplatz
0%
10 P Puchsbaumplatz
0%
2,20 R Rabbiner-Schneerson-Platz
0%
10 R Rädda-Barnen-Platz
0%
6 R Reinhardt-Brandstätter-Platz
0%
19 R Renate-Holm-Platz
0%
18,19 R Richard-Kralik-Platz
0%
1 R Robert-Stolz-Platz
0%
21 R Romaplatz
0%
2 R Rosl-Berndt-Platz
0%
2 R Rothschildplatz
0%
23 R Rudi-Valenta-Platz
0%
3 R Rudolf-Sallinger-Platz
0%
7 R Ruth-Klüger-Platz
0%
20 S Sachsenplatz
0%
1 S Salomon-Sulzer-Platz
0%
10 S Salvatorianerplatz
0%
14 S Samhaberplatz
0%
8 S Schlesingerplatz
0%
22 S Schönthanplatz
0%
23 S Schrailplatz
0%
13 S Schrefelplatz
0%
14 S Schützplatz
0%
3 S Sebastianplatz
0%
22 S Simone-de-Beauvoir-Platz
0%
11 S Simoningplatz
0%
9 S Sobieskiplatz
0%
19 S Sonnbergplatz
0%
15 S Sparkassaplatz
0%
2 S Spielmannplatz
0%
17 S St.-Bartholomäus-Platz
0%
19 S Stefan-Esders-Platz
0%
17 S Stefan-Zweig-Platz
0%
4 S St.-Elisabeth-Platz
0%
14 S Stephan-Rudas-Platz
0%
13 S St.-Hubertus-Platz
0%
16 S Stillfriedplatz
0%
3 S St.-Nikolaus-Platz
0%
16,17 S Stöberplatz
0%
10 S Stockholmer Platz
0%
13 S Streckerplatz
0%
22 S St.-Wendelin-Platz
0%
10 S Suchenwirtplatz
0%
21 S Südmährenplatz
0%
2 T Tabogganplatz
0%
15 T Tannhäuserplatz
0%
4 T Tausigplatz
0%
1 T Theodor-Herzl-Platz
0%
21 T Toni-Strobl-Platz
0%
21 T Topasplatz
0%
19 T Trautenauplatz
0%
8 T Trude-Waehner-Platz
0%
21 V Veterinärplatz
0%
14 V Viktor-Kutschera-Platz
0%
2 V Volkertplatz
0%
10 V Vollnhoferplatz
0%
10 V Vondrakplatz
0%
21 V Vorwärtsplatz
0%
13 W Walter-Caldonazzi-Platz
0%
22 W Wangari-Maathai-Platz
0%
13 W Weinbergerplatz
0%
9 W Widerhoferplatz
0%
15 W Wieningerplatz
0%
3 W Wildgansplatz
0%
11 W Wilhelm-Kreß-Platz
0%
10 W Wilhelm-Pinka-Platz
0%
11 W Wilhelm-Svetelsky-Platz
0%
13 W Wolfrathplatz
0%
13 W Wüllenweber-und-Jordan-Platz
0%
22 Z Zaha-Hadid-Platz
0%
9 Z Zimmermannplatz
0%
Keine übereinstimmenden Quizze gefunden
Verteilung der Resultate
Anzahl Personen mit jedem Resultat
Perzentil nach korrekt beantworteten Fragen
Ihre Resultats-Entwicklung
Sie haben dieses Quiz noch nicht gespielt